Economic methods for lawyers (Record no. 40869)

MARC details
000 -LEADER
fixed length control field 00665nam a2200181 a 4500
008 - FIXED-LENGTH DATA ELEMENTS--GENERAL INFORMATION
fixed length control field 190124s2015 ||||||||||||||||| || u
020 ## - INTERNATIONAL STANDARD BOOK NUMBER
International Standard Book Number 9781788111249
050 ## - LIBRARY OF CONGRESS CALL NUMBER
Classification number K 27.E2 Tow
100 ## - MAIN ENTRY--PERSONAL NAME
Personal name Petersen, Niels
245 10 - TITLE STATEMENT
Title Economic methods for lawyers
Statement of responsibility, etc. By Emanuel V. Towfigh; Niels Petersen
260 ## - PUBLICATION, DISTRIBUTION, ETC.
Place of publication, distribution, etc. Cheltenham:
Name of publisher, distributor, etc. Edward Elgar Publishing
Date of publication, distribution, etc. 2015
300 ## - PHYSICAL DESCRIPTION
Extent ix, 216p.: ill.
350 ## - PRICE (NR) (BK AM CF MU VM SE) [OBSOLETE]
Price 28.86
650 ## - SUBJECT ADDED ENTRY--TOPICAL TERM
Topical term or geographic name entry element LAW--ECONOMICS ASPECTS
650 ## - SUBJECT ADDED ENTRY--TOPICAL TERM
Topical term or geographic name entry element LAW AND ECONOMICS
700 ## - ADDED ENTRY--PERSONAL NAME
Personal name Towfigh, Emanuel V
995 ## - RECOMMENDATION 995 [LOCAL, UNIMARC FRANCE]
-- CBU-MAIN LIBRARY (Kitwe)
-- 28.86
-- 1
-- OUT
-- Jan 30, 2019
-- Main Library Open Access Collection
Holdings
Withdrawn status Lost status Source of classification or shelving scheme Damaged status Not for loan Home library Current library Shelving location Date acquired Total Checkouts Full call number Barcode Date last seen Price effective from Koha item type
          CBU-MAIN LIBRARY, KITWE. CBU-MAIN LIBRARY, KITWE.   11/30/2022   K 27.E2 Tow 748825 11/30/2022 11/30/2022 MONOGRAPH